Anatómia konkurenčnej výhody

Enregistré dans:
Détails bibliographiques
Auteur principal: Slávik, Štefan, 1955-
Collectivité auteur: Ekonomická univerzita v Bratislave. Fakulta podnikového manažmentu
Format: Livre
Langue:slovaque
Publié: Bratislava Vydavateľstvo EKONÓM 2002
Sujets:
Tags: Ajouter un tag
Pas de tags, Soyez le premier à ajouter un tag!

MARC

LEADER 00000nam a2200000 4500
001 c137862
005 20240502071322.6
020 |a 80-225-1587-6 
041 0 |a slo 
044 |a SK 
245 1 0 |a Anatómia konkurenčnej výhody  |c Štefan Slávik 
264 1 |a Bratislava  |b Vydavateľstvo EKONÓM  |c 2002 
300 |a 103 s. 
610 2 0 |a výhody konkurenčné 
610 2 0 |a konkurencia 
610 2 0 |a prostredie podnikové 
610 2 0 |a analýzy 
100 1 |a Slávik, Štefan, 1955- 
710 2 |a Ekonomická univerzita v Bratislave. Fakulta podnikového manažmentu